000 00848nam a2200253Ia 4500
001 11349
003 GE_BSU
008 181216s||||||||xx |||||||||||||| ||und||
020 _a9785969302655
040 _cGE_BSU
080 _a665.65(075.8)
100 _aБардик,Доналд.Л; Уильям Л.Леффлер.
245 _aНефтехимия=Petrochemicals in Non-technical Language.
245 _cОтв.ред:И.А.Боград; Я.Л.Рудерман;Пер.С.Англ.З.Свитанько.
250 _a3-е изд; перераб и доп.
260 _aМосква.
260 _bЗао "ОЛИМП-БИЗНЕС
260 _c2014.
300 _a496стр;илл;21см.
541 _h77л.
653 _aНефтехимия=Petrochemicals in Non-technical Language.
653 _aქიმია
942 _cBK
999 _c44546
_d44546